| 000 | 00419cam a2200157ua 4500 | ||
|---|---|---|---|
| 041 |
_aeng _h |
||
| 082 |
_a828.09 _bHOG/SH |
||
| 100 | _aHogan, Charles Beecher . | ||
| 245 |
_aShakespeare In the Theatre 1701-1800 / _cCharles Beecher Hogan. _hTextual Documents |
||
| 250 |
_a1 / _b. |
||
| 260 |
_aLendon : _bOxford University Press , _c1957. |
||
| 300 | _a798 ; . | ||
| 504 | _a | ||
| 942 | _cBK | ||
| 999 |
_c2800 _d2800 |
||